书目信息 |
| 题名: |
非营利组织管理
|
|
| 作者: | ;北京新华信商业风险管理公司 译校 | |
| 分册: | ||
| 出版信息: | 北京 中国人民大学出版社 2004 |
|
| 页数: | 173页 | |
| 开本: | 21cm | |
| 丛书名: | 《哈佛商业评论》精粹译丛 | |
| 单 册: | ||
| 中图分类: | C912.2 | |
| 科图分类: | ||
| 主题词: | 社会团体--管理 , 社会团体 , 公用事业 , 公用事业--管理 | |
| 电子资源: | ||
| ISBN: | 7-300-05840-X | |
| 000 | 01273nam0 2200337 450 | |
| 000 | 01285nam0 2200337 450 | |
| 000 | 01216nam0 2200313 450 | |
| 000 | 01180nam0 2200301 45 | |
| 005 | 20070723201442.50 | |
| 010 | @a7-300-05840-X@b精装@dCNY20.00 | |
| 100 | @a20070627d2004 em y0chiy0120 ea | |
| 101 | 1 | @achi@aeng |
| 102 | @aCN@b110000 | |
| 105 | @ay z 000yy | |
| 200 | 1 | @a非营利组织管理@AFei Ying Li Zu Zhi Guan Li@f北京新华信商业风险管理有限责任公司译校@FBei Jing Xin Hua Xin Shang Ye Feng Xian Guan Li You Xian Ze Ren Gong Si Yi Xiao |
| 210 | @a北京@c中国人民大学出版社@d2004 | |
| 215 | @a173页@d21cm | |
| 225 | 2 | @a《哈佛商业评论》精粹译丛 |
| 305 | @a哈佛商学院授权出版 | |
| 308 | @a丛书原题:哈佛商业评论精粹译丛第二辑 | |
| 330 | @a本文集是对美国非营利组织运作的讨论,文章有《非营利组织理事会的新职责》、《非营利组织的商业化经营》等。 | |
| 410 | 0 | @12001 @a《哈佛商业评论》精粹译丛 |
| 510 | 1 | @aHarvard Business Review on Nonprofits@zeng |
| 606 | 0 | @a社会团体@x管理 |
| 606 | 0 | @a社会团体 |
| 606 | 0 | @a公用事业 |
| 606 | 0 | @a公用事业@x管理 |
| 690 | @aC912.2@v4 | |
| 711 | 02 | @a北京新华信商业风险管理公司@ABei Jing Xin Hua Xin Shang Ye Feng Xian Guan Li Gong Si@4译校 |
| 801 | 0 | @aCN@bTAOJIN@c20070723 |
| 905 | @a10447@dC912.2@e574 | |
| 非营利组织管理/北京新华信商业风险管理有限责任公司译校.-北京:中国人民大学出版社,2004 |
| 173页;21cm.-(《哈佛商业评论》精粹译丛) |
| ISBN 7-300-05840-X(精装):CNY20.00 |
| 本文集是对美国非营利组织运作的讨论,文章有《非营利组织理事会的新职责》、《非营利组织的商业化经营》等。 |
| ● |
| 相关链接 |
|
|
|
|
正题名:非营利组织管理
索取号:C912.2/574
 
预约/预借
| 序号 | 登录号 | 条形码 | 馆藏地/架位号 | 状态 | 备注 |
| 1 | 0823781 | 208237816 | 第一样本阅览室/ [索取号:C912.2/574] | 在馆 | |
| 2 | 0823782 | 208237825 | 密集书库/ [索取号:C912.2/574] | 在馆 | |
| 3 | 0823783 | 208237834 | 密集书库/ [索取号:C912.2/574] | 在馆 | |
| 4 | 0823784 | 208237843 | 密集书库/ [索取号:C912.2/574] | 在馆 | |
| 5 | 0823785 | 208237852 | 第一借阅区/ [索取号:C912.2/574] | 在馆 | |
| 6 | 0823786 | 208237861 | 第一借阅区/ [索取号:C912.2/574] | 在馆 | |
| 7 | 0823787 | 208237870 | 第一借阅区/ [索取号:C912.2/574] | 在馆 | |
| 8 | 0823788 | 208237889 | 第一借阅区/ [索取号:C912.2/574] | 在馆 |